| 000 | 01150cam a22003134a 4500 | ||
|---|---|---|---|
| 001 | 12420220 | ||
| 003 | OSt | ||
| 005 | 20140310182723.0 | ||
| 008 | 010524s2002 njua b 001 0 eng | ||
| 010 | _a 2001036074 | ||
| 020 | _a0130912980 | ||
| 040 |
_aDLC _cDLC _dDLC |
||
| 042 | _apcc | ||
| 050 | 0 | 0 |
_aQA 76.76.Q35 _b.P48 2002 |
| 100 | 1 | _aPfleeger, Shari Lawrence. | |
| 245 | 1 | 0 |
_aSolid software / _cShari Lawrence Pfleeger, Les Hatton, Charles C. Howell. |
| 260 |
_aUpper Saddle River, NJ : _bPrentice Hall, _c2002. |
||
| 300 |
_axvi, 315 p. : _bill. ; _c24 cm. |
||
| 440 | 0 | _aSoftware Quality Institute series | |
| 504 | _aIncludes bibliographical references and index. | ||
| 521 |
_bHigh School to College Students _aIT |
||
| 650 | 0 |
_aComputer software _xQuality control. |
|
| 700 | 1 |
_aHatton, Les, _d1948- |
|
| 700 | 1 | _aHowell, Charles C. | |
| 906 |
_a7 _bcbc _corignew _d1 _eocip _f20 _gy-gencatlg |
||
| 942 |
_2lcc _cBK _kFOR |
||
| 999 |
_c15368 _d15368 |
||